000
00170nam a22000857a 4500
082
_a
001
100
_a
CBSE
245
_a
SECONDARY CURRICULUM LANGUAGES (2015-16)
942
_c
BK
999
_c
8453
_d
8453